00992nam a2200253 i 4500001000300000100001900003245017500022246004600197250002500243260006100268300002100329500004700350630002100397655001800418700003000436700003000466700002500496020001500521040000800536041001100544080004400555008004100599856009800640bg1 aMANSFIELD, Ron10aWord 6 dla Windows :bod podstaw do mistrzostwa (opis wersji polskiej i angielskiej) /cRon Mansfield ; z ang. przeł. Bożena Tyrowicz, Bogdan Krzymowski, Łukasz Brud. iTyt. oryg.:aMastering Word 6 for Windows aWyd.2 popr. i rozsz. aWarszawa :bKomputerowa Oficyna Wydawnicz "Help",c1995. a889 s. ;c24 cm. aOryg. "Mastering Word 6 for Windows" 1995.09aWord dla Windows aPodręczniki1 aTYROWICZ, Bożena.eTł.1 aKRZYMOWSKI, Bogdan.eTł.1 aBRUD, Łukasz.eTł. a8385137750 cBPK aplhen a655.1/.3:651.011.54/.56:681.322.06](07) s pl f |000 0 pol  uhttp://koha.tu.koszalin.pl/cgi-bin/koha/opac-detail.pl?biblionumber=24441yKatalog online BPK